[Event "Almeria-ch"]
[Site "Nijar"]
[Date "2002.02.17"]
[Round "8"]
[White "Fornieles Gomez, Antonio"]
[Black "Cantos Conejero, Jose Miguel"]
[Result "0-1"]
[WhiteElo "2047"]
[BlackElo "2023"]
[PlyCount "60"]
[EventDate "2002.02.02"]
[EventType "swiss"]
[EventRounds "8"]
[EventCountry "ESP"]
[SourceTitle "CBM 086 Extra"]
[Source "ChessBase"]
[SourceDate "2002.03.14"]
[SourceVersion "1"]
[SourceVersionDate "2002.03.14"]
[SourceQuality "1"]

1. e4 c5 2. Nc3 Nc6 3. d3 a6 4. g3 b5 5. Bg2 Bb7 6. Nge2 b4 7. Nd5 e6 8. Ne3 Nf6 9. f4 d5 10. e5 Nd7 11. 0-0 g6 12. c3 Rb8 13. d4 bxc3 14. bxc3 cxd4 15. cxd4 Qb6 16. Kh1 a5 17. Rf2 Ba6 18. Nc2 Qb5 19. Ne1 Qb4 20. Nf3 Nb6 21. a3 Qa4 22. Nc3 Qxd1+ 23. Nxd1 Nc4 24. Bf1 Rb3 25. Nb2 Be7 26. Kg2 0-0 27. Rc2 Rxf3 28. Rxc4 Bxc4 29. Bxc4 Nxd4 30. Bf1 Rc3 0-1